|
|
|
|
| LEADER |
00000nam a2200000 a 4500 |
| 001 |
vtls008376190 |
| 003 |
SK-MaSNL |
| 005 |
20260301123446.0 |
| 008 |
251124s1916 xo slo |
| 015 |
|
|
|a SKSNBA19011918-000805
|
| 035 |
|
|
|a SK01SNKBSKFE20010068407
|
| 035 |
|
|
|a SKM000070870
|
| 040 |
|
|
|a SNK
|b slo
|c SNK
|e AACR2
|
| 041 |
1 |
|
|a slo
|
| 044 |
|
|
|a xo
|
| 080 |
|
|
|a 929 Angerer, Gertruda
|2 1981
|
| 100 |
1 |
|
|a Janda, Jozef Napoleon,
|d 1869-1945
|4 aut
|9 69030
|
| 245 |
1 |
0 |
|a Mučenica čistoty
|c Jozef Napoleon Janda
|
| 250 |
|
|
|a (2. vyd.)
|
| 260 |
|
|
|a Uhorská Skalica
|b [s.n.]
|c 1916
|e Uhorská Skalica
|f Jozef Teslík
|
| 300 |
|
|
|a 22, [2] s.
|c 8°
|
| 500 |
|
|
|a Obál. tit.
|
| 504 |
|
|
|a Zoznam kníh Jozefa Jandu. [34 kníh.]
|
| 504 |
|
|
|a Ref.: Michal Straka: Pre kresťanskú mládež, Kresťan 42/XVIII, 1911, str. 14. 24/XVIII, 1911, str. 13. Mučenica čistoty, Kresťan 4/XIX, 1912, str. 14
|
| 600 |
1 |
|
|a Angerer, Gertruda
|x biografie
|2 SNK
|9 470447
|
| 655 |
|
7 |
|a autobiografie
|2 SNKPH
|9 70280
|
| 852 |
|
|
|a Slovenská národná knižnica v Martine
|b 10000
|h MS SD 9285
|
| 852 |
|
|
|a Univerzitná knižnica v Bratislave
|b 300000
|h SG 808
|
| 958 |
|
|
|a ONDV
|
| 958 |
|
|
|a RK
|
| 958 |
|
|
|a TL
|
| 999 |
|
|
|c 736293
|d 738223
|
| 952 |
|
|
|a SNK
|b SNK
|y PREZ
|7 0
|p 17A0400172
|o snkSD 9285
|i snk7097/54
|0 0
|1 0
|4 0
|d 2003-10-31
|l 0
|r 2025-11-21 00:00:00
|w 2026-02-23
|
| 952 |
|
|
|a SNK
|b SNK
|y VYP
|7 0
|p 17A1077555
|o snkSD 9285 D1
|i snkF 631/65
|8 5
|0 0
|1 0
|4 0
|d 2014-11-12
|l 0
|r 2026-02-23 22:44:58
|w 2026-02-23
|